000 00415nam a2200133Ia 4500
008 231129s2002||||xx |||||||||||||| ||spa||
040 _bspa
082 _a333.7 R696g
100 _aRodriguez-Becerra Manuel
245 0 _aGestion ambiental en America Latina y el Caribe: evolucion tendencias ...
260 _c2002
264 _aBanco Interamericano de Desarrollo ; Division de Medio Ambiente
942 _2ddc
_cBKS
999 _c14481
_d14481